Teacher education in the 21st century (Record no. 1398635)

MARC details
000 -LEADER
fixed length control field 00620nam a2200217Ia 4500
005 - DATE AND TIME OF LATEST TRANSACTION
control field 20250508170014.0
008 - FIXED-LENGTH DATA ELEMENTS--GENERAL INFORMATION
fixed length control field 008 250505s9999 xx 000 0 eng d
020 ## - INTERNATIONAL STANDARD BOOK NUMBER
International Standard Book Number 978-1-5225-3111-1
037 ## - SOURCE OF ACQUISITION
Stock number Textual
040 ## - CATALOGING SOURCE
Original cataloging agency FEDL
Language of cataloging eng
Transcribing agency FEDL
041 ## - LANGUAGE CODE
Language code of text/sound track or separate title eng
Source of code eng
084 ## - COLON CLASSIFICATION NUMBER
Classification number 370.7, RAS
Assigning agency FEDL
100 ## - MAIN ENTRY--PERSONAL NAME
Personal name Rashmi Kumar Ed.
9 (RLIN) 782692
245 #0 - TITLE STATEMENT
Title Teacher education in the 21st century
260 ## - PUBLICATION, DISTRIBUTION, ETC.
Place of publication, distribution, etc. New Delhi, India
Name of publisher, distributor, etc. Sage
Date of publication, distribution, etc. 2018
300 ## - PHYSICAL DESCRIPTION
Extent xxvii, 227p.
365 ## - TRADE PRICE
Price type code INR
Price amount 295
700 ## - ADDED ENTRY--PERSONAL NAME
Personal name Subhash Chander Ed. Bharti Ed.
9 (RLIN) 782693
942 ## - ADDED ENTRY ELEMENTS (KOHA)
Koha item type Textual
Classification part 370.7, RAS
Holdings
Withdrawn status Lost status Damaged status Not for loan Home library Current library Date acquired Cost, normal purchase price Total Checkouts Full call number Barcode Date last seen Price effective from Koha item type
        Department of Education Library Department of Education Library 2025-05-08 295.00   370.7, RAS EL0092297 2025-05-08 2025-05-08 Textual
Copyright @ Delhi University Library System